Bài tập toán học cao cấp
Sách gồm các nội dung như: giới thiệu về chuỗi trong toán học, phương trình vi phân, giải các bài toán Cauchy đối với phương trình vi phân tuyến tính với hệ số không đổi bằng phép biến đổi Laplace....
Đã lưu trong:
| 主要作者: | |
|---|---|
| 格式: | 圖書 |
| 語言: | Undetermined |
| 出版: |
Hà Nội
Giáo dục Việt Nam
2017
|
| 主題: | |
| 標簽: |
添加標簽
沒有標簽, 成為第一個標記此記錄!
|
| Thư viện lưu trữ: | Trung tâm Học liệu Trường Đại học Cần Thơ |
|---|
| LEADER | 00941nam a2200205Ia 4500 | ||
|---|---|---|---|
| 001 | CTU_231034 | ||
| 008 | 210402s9999 xx 000 0 und d | ||
| 020 | |c 47000 | ||
| 082 | |a 515.35076 | ||
| 082 | |b Tr300/T.3 | ||
| 100 | |a Nguyễn, Đình Trí | ||
| 245 | 0 | |a Bài tập toán học cao cấp | |
| 245 | 0 | |c Nguyễn Đình Trí (chủ biên) | |
| 260 | |a Hà Nội | ||
| 260 | |b Giáo dục Việt Nam | ||
| 260 | |c 2017 | ||
| 520 | |a Sách gồm các nội dung như: giới thiệu về chuỗi trong toán học, phương trình vi phân, giải các bài toán Cauchy đối với phương trình vi phân tuyến tính với hệ số không đổi bằng phép biến đổi Laplace. | ||
| 650 | |a Chuỗi số,Phương trình vi phân,Series,Differential equations | ||
| 910 | |b vtbtruc | ||
| 980 | |a Trung tâm Học liệu Trường Đại học Cần Thơ | ||